Normal view
MARC view
Entry Topical Term
001 - CONTROL NUMBER
- control field: 12855
003 - CONTROL NUMBER IDENTIFIER
- control field: BD-RjUL
005 - DATE AND TIME OF LATEST TRANSACTION
- control field: 20240506151105.0
008 - FIXED-LENGTH DATA ELEMENTS
- fixed length control field: 240506|| aca||aabn | a|a d
040 ## - CATALOGING SOURCE
- Original cataloging agency: BD-RjUL
- Transcribing agency: BD-RjUL
150 ## - HEADING--TOPICAL TERM
- Topical term or geographic name entry element: Church history
- Chronological subdivision: Primitive and early church, ca. 30-600
- Form subdivision: Fiction
670 ## - SOURCE DATA FOUND
- Source citation: Work cat.: (BD-RjUL)83656: Sienkiewicz, Henryk, 1846-1916. 12854, Quo Vadis :, 1960.